000 00337nam a2200133Ia 4500
008 191201s2007 xx 000 0 und d
082 _a429
_bMAH
100 _aMARTIN, H
245 0 _aHigh School English Grammar and Composition
260 _aN.Delhi
_bS Chand and Co. Ltd.
_c2007
300 _a376
650 _aApplied
942 _2ddc
_cBK
999 _c3304
_d3304